| 000 | 00589nam a22002057a 4500 | ||
|---|---|---|---|
| 999 |
_c14780 _d14780 |
||
| 003 | MIRAKIL | ||
| 005 | 20220125132844.0 | ||
| 008 | 220125b tu ||||| |||| 00| 0 tur d | ||
| 040 |
_aTR-AnCHP _btur _cTR-AnCHP |
||
| 041 | _atur | ||
| 082 |
_a362.4 _bA46e 2018 |
||
| 100 | _aAlpagut, Tunç | ||
| 245 |
_aEngelli hakları/ _cTunç Alpagut |
||
| 260 |
_aAntalya: _bHatay Büyükşehir Belediyesi, _c2018. |
||
| 300 |
_a414 s.: _c23 sm. |
||
| 650 |
_aEngelliler ve sorunları _xToplumsal hizmetler _zTürkiye |
||
| 650 |
_aEngelli hakları _zTürkiye |
||
| 942 |
_2ddc _cBKS |
||
| 999 | _d14780 | ||